[Event "Copa Latina 2015"]
[Site "Vicente Lopez ARG"]
[Date "2015.03.21"]
[Round "3.23"]
[White "Romanelli, Gabriel"]
[Black "Escalante Ramirez, Brian Sebas"]
[Result "0-1"]
[WhiteElo "2090"]
[BlackElo "2365"]
[PlyCount "110"]
[EventDate "2015.03.19"]
[EventType "swiss"]
[EventRounds "9"]
[EventCountry "ARG"]
[Source "lmi"]
[SourceDate "2015.03.19"]

1. Nf3 Nf6 2. c4 g6 3. Nc3 Bg7 4. d4 d6 5. e4 O-O 6. Be2 e5 7. O-O Na6 8. Be3
Ng4 9. Bg5 Qe8 10. h3 h6 11. Bh4 exd4 12. Nxd4 Nf6 13. Bf3 c6 14. Re1 Nd7 15.
Qd2 Nac5 16. Rad1 Ne5 17. Be2 Ne6 18. Nc2 g5 19. Bg3 Nf4 20. Bf1 Nxh3+ 21. Kh1
Nf4 22. Ne3 f6 23. Be2 Nxe2 24. Qxe2 Qe7 25. Nf5 Bxf5 26. exf5 Rad8 27. f4 gxf4
28. Bxf4 Rfe8 29. Qh5 Qf7 30. Qxf7+ Kxf7 31. Bxe5 fxe5 32. b4 Bf8 33. a3 a6 34.
g4 b5 35. Re4 Rc8 36. cxb5 axb5 37. Re2 d5 38. Nxd5 cxd5 39. Rxd5 Rb8 40. Rexe5
Rxe5 41. Rxe5 Kf6 42. Re6+ Kg5 43. Rg6+ Kf4 44. Kg2 Rd8 45. Rb6 Kxg4 46. Rxb5
Rd2+ 47. Kf1 Be7 48. Re5 Bh4 49. Re2 Rd1+ 50. Kg2 Kxf5 51. Re3 Rd2+ 52. Kh3 Bg5
53. Re8 Bf4 54. Rf8+ Kg5 55. Rg8+ Kh5 0-1

[Event "Copa Latina 2015"]
[Site "Vicente Lopez ARG"]
[Date "2015.03.21"]
[Round "3.24"]
[White "Bruce, Shannon Hill"]
[Black "Quiroga, Facundo"]
[Result "0-1"]
[WhiteElo "2112"]
[BlackElo "2261"]
[PlyCount "88"]
[EventDate "2015.03.19"]
[EventType "swiss"]
[EventRounds "9"]
[EventCountry "ARG"]
[Source "lmi"]
[SourceDate "2015.03.19"]

1. c4 Nf6 2. Nf3 e6 3. Nc3 Bb4 4. g4 b6 5. g5 Ng8 6. Qc2 Bb7 7. Rg1 Bxf3 8.
exf3 Nc6 9. a3 Bc5 10. b4 Bd4 11. b5 Ne5 12. Be2 Ne7 13. Bb2 c5 14. f4 N5g6 15.
Bf3 Rc8 16. Ne2 Nf5 17. Bb7 Rc7 18. Be4 Bxb2 19. Qxb2 Nge7 20. Ng3 Nd4 21. Nh5
d5 22. Bh1 Nef5 23. d3 O-O 24. Kf1 Kh8 25. Re1 dxc4 26. dxc4 Qd6 27. Rg4 Rd8
28. Kg1 Re7 29. Re5 Nxb5 30. h3 Nbd4 31. Be4 Rb8 32. a4 a6 33. Kh1 b5 34. axb5
axb5 35. cxb5 Rxb5 36. Qa2 Qb8 37. Bxf5 Nxf5 38. Qc4 Rc7 39. Rxf5 exf5 40. Qc3
Rb1+ 41. Kh2 Qb2 42. Qe3 Rc8 43. Rh4 Qc1 44. Qxc1 Rxc1 0-1

[Event "Copa Latina 2015"]
[Site "Vicente Lopez ARG"]
[Date "2015.03.21"]
[Round "3.25"]
[White "Crotti, Lucas"]
[Black "Aguilar, Andres"]
[Result "1/2-1/2"]
[WhiteElo "2020"]
[BlackElo "2236"]
[PlyCount "84"]
[EventDate "2015.03.19"]
[EventType "swiss"]
[EventRounds "9"]
[EventCountry "ARG"]
[Source "lmi"]
[SourceDate "2015.03.19"]

1. e4 c5 2. Nf3 Nc6 3. Bb5 Qb6 4. Nc3 e6 5. O-O a6 6. Bc4 Qc7 7. a4 Nf6 8. d3
b6 9. h3 Bb7 10. Re1 d6 11. Bf4 Ne5 12. Ba2 Be7 13. Nd2 h6 14. Bg3 g5 15. Nc4
Rc8 16. Qe2 Bc6 17. Rad1 b5 18. axb5 axb5 19. Nxe5 dxe5 20. Nd5 Qb8 21. Nxe7
Kxe7 22. c3 Nd7 23. d4 cxd4 24. cxd4 Qa7 25. d5 Qxa2 26. dxc6 Rxc6 27. Qd2 Qa7
28. Re3 Rhc8 29. Rd3 R8c7 30. b4 f6 31. Qe2 Qb8 32. Qh5 Qh8 33. h4 Qg7 34. hxg5
Qxg5 35. Qe2 Rc1 36. Qe1 Rxd1 37. Rxd1 Rc4 38. f3 Rc2 39. Bf2 Nb6 40. g3 Nc4
41. Ra1 Kf7 42. Qd1 Qd2 1/2-1/2

[Event "Copa Latina 2015"]
[Site "Vicente Lopez ARG"]
[Date "2015.03.21"]
[Round "3.26"]
[White "Munoz, Francisco Javier"]
[Black "Tierno De La Rosa, Juan"]
[Result "1-0"]
[WhiteElo "2259"]
[BlackElo "1897"]
[PlyCount "49"]
[EventDate "2015.03.19"]
[EventType "swiss"]
[EventRounds "9"]
[EventCountry "ARG"]
[Source "lmi"]
[SourceDate "2015.03.19"]

1. e4 c5 2. Nf3 d6 3. c3 Nf6 4. Be2 Nc6 5. d4 cxd4 6. cxd4 Nxe4 7. d5 Qa5+ 8.
Nc3 Nxc3 9. bxc3 Ne5 10. Nxe5 Qxc3+ 11. Bd2 Qxe5 12. O-O a6 13. Be3 f6 14. Qb3
g6 15. Rac1 b5 16. Rfd1 Bh6 17. Bxh6 Qxe2 18. Re1 Qg4 19. Rc7 Bd7 20. Qe3 Kd8
21. Qb6 Ke8 22. Qxd6 Kd8 23. Qb6 Ke8 24. Qxf6 Qb4 25. Qxh8+ 1-0

[Event "Copa Latina 2015"]
[Site "Vicente Lopez ARG"]
[Date "2015.03.21"]
[Round "3.27"]
[White "Amato, Leonel"]
[Black "Fiorito, Fabian"]
[Result "1-0"]
[WhiteElo "2064"]
[BlackElo "2438"]
[PlyCount "93"]
[EventDate "2015.03.19"]
[EventType "swiss"]
[EventRounds "9"]
[EventCountry "ARG"]
[Source "lmi"]
[SourceDate "2015.03.19"]

1. d4 d6 2. e3 g6 3. Bd3 Bg7 4. f4 Nf6 5. Nf3 O-O 6. O-O Nc6 7. c3 e5 8. Nbd2
Qe7 9. Ng5 exf4 10. Nde4 Nxe4 11. Nxe4 d5 12. Nc5 fxe3 13. Qe2 Re8 14. Re1 Bh6
15. Qf3 Qg5 16. Bb5 Kg7 17. Nd3 f6 18. Bxc6 bxc6 19. Nb4 Qf4 20. Qxf4 Bxf4 21.
Nxc6 Bd7 22. Nb4 c6 23. Nc2 Bd6 24. Bxe3 Bf5 25. Rac1 Be4 26. Na1 g5 27. Nb3
Rab8 28. Bf2 a5 29. Re2 a4 30. Nc5 Bxc5 31. dxc5 f5 32. Rd1 Rb7 33. Rd4 Reb8
34. Rdd2 Kg6 35. Bd4 h5 36. Be5 Rd8 37. Bd6 h4 38. Rd4 h3 39. g3 f4 40. gxf4
gxf4 41. Bxf4 Rf7 42. Rf2 Bg2 43. Bd2 Rfd7 44. Rg4+ Kh5 45. Rg5+ Kh4 46. Rff5
Be4 47. Be1# 1-0

[Event "Copa Latina 2015"]
[Site "Vicente Lopez ARG"]
[Date "2015.03.21"]
[Round "3.28"]
[White "Pernas, Agustin"]
[Black "Leon, Juan Carlos"]
[Result "1-0"]
[WhiteElo "2048"]
[BlackElo "2265"]
[PlyCount "101"]
[EventDate "2015.03.19"]
[EventType "swiss"]
[EventRounds "9"]
[EventCountry "ARG"]
[Source "lmi"]
[SourceDate "2015.03.19"]

1. e4 c5 2. Nf3 a6 3. Nc3 Nc6 4. d4 cxd4 5. Nxd4 e5 6. Nf5 d6 7. Ne3 Nf6 8.
Ncd5 Nxd5 9. Nxd5 Be6 10. Bg5 Ne7 11. Bc4 Rc8 12. Bb3 Qa5+ 13. Bd2 Qd8 14. Bg5
Bxd5 15. Bxe7 Qa5+ 16. c3 Bxb3 17. axb3 Qb6 18. Bxf8 Rxf8 19. Qg4 Ke7 20. Qg5+
Kd7 21. Qxg7 Qxb3 22. O-O Rg8 23. Qxh7 Rh8 24. Qf5+ Qe6 25. Qxe6+ Kxe6 26. g3
Rc4 27. Rfe1 Rd8 28. Rad1 b5 29. Ra1 Rc6 30. Ra5 b4 31. cxb4 Rb8 32. Ra4 Rc2
33. b3 Rb2 34. Re3 Rc8 35. Rxa6 Rcc2 36. Rf3 Re2 37. b5 Rxe4 38. Ra4 Re1+ 39.
Kg2 e4 40. Rc3 Ree2 41. Kh3 f5 42. b6 Rxf2 43. Kh4 Rf3 44. Rxf3 exf3 45. Rb4 f2
46. b7 f1=Q 47. b8=Q Rxh2+ 48. Kg5 Qc1+ 49. Rf4 Rh3 50. Qe8+ Kd5 51. Qb5+ 1-0

[Event "Copa Latina 2015"]
[Site "Vicente Lopez ARG"]
[Date "2015.03.21"]
[Round "3.29"]
[White "Cabrera Pando, Ramiro"]
[Black "Cuevas, Alex"]
[Result "1/2-1/2"]
[WhiteElo "2033"]
[BlackElo "2253"]
[PlyCount "68"]
[EventDate "2015.03.19"]
[EventType "swiss"]
[EventRounds "9"]
[EventCountry "ARG"]
[Source "lmi"]
[SourceDate "2015.03.19"]

1. d4 Nf6 2. c4 c5 3. d5 e6 4. Nc3 exd5 5. cxd5 d6 6. Nf3 g6 7. g3 Bg7 8. Bg2
O-O 9. O-O Re8 10. Bf4 Ne4 11. Nxe4 Rxe4 12. Nd2 Rxf4 13. gxf4 Bxb2 14. Rb1 Bg7
15. Re1 Na6 16. e4 Rb8 17. e5 Bf5 18. Be4 Bxe4 19. Rxe4 dxe5 20. Nf3 exf4 21.
d6 Qd7 22. Re7 Qg4+ 23. Kh1 Bf8 24. Rxf7 Nb4 25. Rxb4 cxb4 26. Qd5 Kh8 27. Ng5
Bg7 28. d7 Rd8 29. Rxg7 Kxg7 30. Ne6+ Kh6 31. Nxd8 f3 32. Nf7+ Kg7 33. Qe5+
Kxf7 34. d8=N+ Kg8 1/2-1/2

[Event "Copa Latina 2015"]
[Site "Vicente Lopez ARG"]
[Date "2015.03.21"]
[Round "3.30"]
[White "Roman, Rodrigo"]
[Black "Caetano, Hugo Zanotti Mendon"]
[Result "0-1"]
[WhiteElo "2006"]
[BlackElo "2245"]
[PlyCount "100"]
[EventDate "2015.03.19"]
[EventType "swiss"]
[EventRounds "9"]
[EventCountry "ARG"]
[Source "lmi"]
[SourceDate "2015.03.19"]

1. Nf3 d5 2. c4 e6 3. g3 Nf6 4. Bg2 Be7 5. O-O O-O 6. d4 dxc4 7. Qc2 a6 8. a4
Nc6 9. Qxc4 Bd7 10. Bf4 Nd5 11. Nc3 Nxf4 12. gxf4 Bd6 13. e3 Ne7 14. Ne5 Rb8
15. Kh1 Nf5 16. Nxd7 Qxd7 17. Be4 Nh4 18. Qe2 f5 19. Bf3 Kh8 20. Rg1 Rf6 21.
Rg3 Rh6 22. Rag1 Ng6 23. Bh5 Bxf4 24. R3g2 Bd6 25. f4 Qc6 26. Bf3 Qe8 27. Qd1
Qe7 28. Bh5 Qf6 29. Bxg6 hxg6 30. Nb1 c5 31. Nd2 cxd4 32. Nf3 Rd8 33. Qxd4 Qxd4
34. Nxd4 e5 35. Ne6 Re8 36. Ng5 Kg8 37. Rd1 Bc5 38. Rc2 Bxe3 39. Rc7 Bxf4 40.
Re7 Ra8 41. Ne6 Rxh2+ 42. Kg1 Rd2 43. Rxg7+ Kh8 44. Rxd2 Bxd2 45. Rd7 Be3+ 46.
Kf1 b5 47. axb5 axb5 48. Nc7 Rb8 49. Nd5 Bg5 50. Nb4 Rd8 0-1

[Event "Copa Latina 2015"]
[Site "Vicente Lopez ARG"]
[Date "2015.03.21"]
[Round "3.31"]
[White "Sztokbant, Bernardo Vainzoff"]
[Black "Nejanky, Maisa"]
[Result "1-0"]
[WhiteElo "2237"]
[BlackElo "2062"]
[PlyCount "69"]
[EventDate "2015.03.19"]
[EventType "swiss"]
[EventRounds "9"]
[EventCountry "ARG"]
[Source "lmi"]
[SourceDate "2015.03.19"]

1. e4 c5 2. Nf3 d6 3. d4 Nf6 4. Nc3 cxd4 5. Nxd4 Nc6 6. Be2 g6 7. O-O Nxd4 8.
Qxd4 Bg7 9. f4 O-O 10. Kh1 Qa5 11. Qd3 Bg4 12. Be3 Rfd8 13. Rad1 Rac8 14. Bf3
Bxf3 15. Rxf3 e6 16. Rff1 d5 17. e5 Nd7 18. Bd4 a6 19. g4 b5 20. a3 Re8 21.
Rde1 b4 22. axb4 Qxb4 23. Ra1 Rc4 24. Ra4 Rxc3 25. Rxb4 Rxd3 26. cxd3 g5 27.
Rb7 Nb8 28. fxg5 Nc6 29. Rfxf7 Bf8 30. Bc3 d4 31. Bd2 Nxe5 32. Rxh7 Nxd3 33. g6
Nc5 34. g7 Be7 35. Rh8+ 1-0

[Event "Copa Latina 2015"]
[Site "Vicente Lopez ARG"]
[Date "2015.03.21"]
[Round "3.32"]
[White "Penafiel, Horacio"]
[Black "Luz, Arthur Nader"]
[Result "1-0"]
[WhiteElo "2233"]
[BlackElo "2049"]
[PlyCount "59"]
[EventDate "2015.03.19"]
[EventType "swiss"]
[EventRounds "9"]
[EventCountry "ARG"]
[Source "lmi"]
[SourceDate "2015.03.19"]

1. d4 Nf6 2. c4 g6 3. Nc3 Bg7 4. e4 d6 5. Nf3 O-O 6. Be2 e5 7. O-O Nc6 8. d5
Ne7 9. Nd2 Ne8 10. b4 f5 11. f3 f4 12. c5 g5 13. Nc4 Ng6 14. a4 Rf7 15. a5 Bf8
16. Ba3 Nf6 17. c6 b6 18. Bb2 a6 19. axb6 cxb6 20. b5 h5 21. bxa6 Bxa6 22. Rxa6
Rxa6 23. Nxe5 dxe5 24. Bxa6 g4 25. d6 Bxd6 26. Bc4 gxf3 27. gxf3 Nh4 28. Kh1
Kf8 29. Bxf7 Kxf7 30. Nb5 1-0

[Event "Copa Latina 2015"]
[Site "Vicente Lopez ARG"]
[Date "2015.03.21"]
[Round "3.33"]
[White "Galleto, Ricardo"]
[Black "Mafra, Kaiser Luiz"]
[Result "0-1"]
[WhiteElo "1986"]
[BlackElo "2212"]
[PlyCount "86"]
[EventDate "2015.03.19"]
[EventType "swiss"]
[EventRounds "9"]
[EventCountry "ARG"]
[Source "lmi"]
[SourceDate "2015.03.19"]

1. e4 c5 2. b4 cxb4 3. d4 g6 4. Bc4 Bg7 5. Nf3 d5 6. exd5 Nf6 7. Ne5 O-O 8. O-O
Nxd5 9. f4 Nc6 10. Bb3 Be6 11. Nxc6 bxc6 12. Kh1 Nc7 13. Be3 c5 14. Nd2 cxd4
15. Bg1 Bxb3 16. Nxb3 Nb5 17. Qd3 Qd5 18. f5 Rad8 19. Rae1 Rd7 20. Rf4 e5 21.
fxe6 fxe6 22. Rfe4 e5 23. Qh3 Rdf7 24. Nd2 Nd6 25. R4e2 a5 26. Qh4 a4 27. Qg4
Rf5 28. Qh4 Rh5 29. Qg4 Qxa2 30. Nf3 Qd5 31. Qd7 Kh8 32. Qg4 Nf7 33. Qg3 a3 34.
Rd1 a2 35. Qe1 Ra8 36. Ra1 Nd6 37. Qxb4 Ne4 38. Bf2 Nxf2+ 39. Rxf2 e4 40. Ne1
Rf5 41. Rxf5 Qxf5 42. Kg1 d3 43. c3 Rf8 0-1

[Event "Copa Latina 2015"]
[Site "Vicente Lopez ARG"]
[Date "2015.03.21"]
[Round "3.34"]
[White "Uelf, Maximiliano"]
[Black "Conde, Adrian"]
[Result "1-0"]
[WhiteElo "2207"]
[BlackElo "2037"]
[PlyCount "41"]
[EventDate "2015.03.19"]
[EventType "swiss"]
[EventRounds "9"]
[EventCountry "ARG"]
[Source "lmi"]
[SourceDate "2015.03.19"]

1. d4 Nf6 2. Nf3 e6 3. g3 b6 4. Bg2 Bb7 5. O-O Be7 6. c4 O-O 7. Nc3 d5 8. cxd5
Nxd5 9. Qc2 c5 10. Nxd5 Bxd5 11. dxc5 Bxc5 12. Ng5 g6 13. e4 Bb7 14. Rd1 Qe7
15. e5 Bxg2 16. Kxg2 Qb7+ 17. Qe4 Nc6 18. Nf3 Rfd8 19. Bg5 Rd7 20. a3 Be7 21.
Rxd7 1-0

[Event "Copa Latina 2015"]
[Site "Vicente Lopez ARG"]
[Date "2015.03.21"]
[Round "3.35"]
[White "Alvarez, Alberto Elias"]
[Black "Avila, Lucas"]
[Result "1/2-1/2"]
[WhiteElo "1967"]
[BlackElo "2205"]
[PlyCount "95"]
[EventDate "2015.03.19"]
[EventType "swiss"]
[EventRounds "9"]
[EventCountry "ARG"]
[Source "lmi"]
[SourceDate "2015.03.19"]

1. e4 e5 2. Nf3 Nc6 3. Nc3 Nf6 4. d4 exd4 5. Nxd4 Bb4 6. Nxc6 bxc6 7. Bd3 O-O
8. O-O d5 9. exd5 cxd5 10. Bg5 c6 11. h3 Re8 12. Qf3 Be7 13. Na4 Ne4 14. Bxe7
Qxe7 15. Rfe1 f5 16. Qf4 g5 17. Qe3 Qg7 18. c3 f4 19. Qd4 Bf5 20. Qxg7+ Kxg7
21. Rad1 Rad8 22. Re2 Kf6 23. Rde1 Nd6 24. Rxe8 Rxe8 25. Rxe8 Nxe8 26. Bxf5
Kxf5 27. Kf1 Nd6 28. Nc5 Ne4 29. Nd3 c5 30. Ke1 c4 31. Nb4 Nc5 32. Ke2 Ke6 33.
Kd2 Kd6 34. f3 Ne6 35. Nc2 Kc5 36. Ne1 Ng7 37. Nc2 Nf5 38. Ke2 d4 39. cxd4+
Nxd4+ 40. Nxd4 Kxd4 41. Kd2 h6 42. Ke2 c3 43. b3 h5 44. a3 a5 45. Ke1 Kd3 46.
Kd1 c2+ 47. Kc1 Kc3 48. b4 1/2-1/2

[Event "Copa Latina 2015"]
[Site "Vicente Lopez ARG"]
[Date "2015.03.21"]
[Round "3.36"]
[White "Paolini, Claudio"]
[Black "Ortiz, Andres"]
[Result "1/2-1/2"]
[WhiteElo "1935"]
[BlackElo "2195"]
[PlyCount "94"]
[EventDate "2015.03.19"]
[EventType "swiss"]
[EventRounds "9"]
[EventCountry "ARG"]
[Source "lmi"]
[SourceDate "2015.03.19"]

1. e4 c5 2. Nf3 d6 3. d4 cxd4 4. Nxd4 Nf6 5. Nc3 a6 6. Bc4 g6 7. f3 Bg7 8. Be3
O-O 9. Qd2 Nc6 10. Bb3 h5 11. O-O-O Na5 12. Bh6 b5 13. Bxg7 Kxg7 14. Qg5 Nc4
15. Bxc4 bxc4 16. e5 Nh7 17. Qe3 Qa5 18. exd6 exd6 19. Nc6 Qf5 20. Qd4+ f6 21.
Qxd6 Qg5+ 22. Qd2 Qc5 23. Nd4 Rb8 24. Ne4 Qb6 25. Qc3 Re8 26. Nd6 Re7 27. Nxc8
Rxc8 28. Rhe1 Rb7 29. Ne6+ Kg8 30. Nf4 Kg7 31. Nd5 Qc5 32. Nf4 Nf8 33. Ne6+
Nxe6 34. Rxe6 Qg5+ 35. Kb1 Rcb8 36. b3 Qf5 37. Qxc4 a5 38. Rde1 Kh6 39. Re8 Rb4
40. Qc3 a4 41. Rxb8 Rxb8 42. Qe3+ g5 43. h4 axb3 44. axb3 Qa5 45. hxg5+ Kg6 46.
Qe4+ Kxg5 47. Rd1 Rb5 1/2-1/2

[Event "Copa Latina 2015"]
[Site "Vicente Lopez ARG"]
[Date "2015.03.21"]
[Round "3.37"]
[White "Echeguren, Martin"]
[Black "Ruperez, Miguel"]
[Result "0-1"]
[WhiteElo "1737"]
[BlackElo "2194"]
[PlyCount "80"]
[EventDate "2015.03.19"]
[EventType "swiss"]
[EventRounds "9"]
[EventCountry "ARG"]
[Source "lmi"]
[SourceDate "2015.03.19"]

1. e4 d6 2. d4 Nf6 3. Nc3 g6 4. Nf3 Bg7 5. Be2 O-O 6. O-O c6 7. a4 Qc7 8. h3 e5
9. dxe5 dxe5 10. Be3 Nh5 11. Nd2 Nf4 12. Bc4 Rd8 13. Qf3 Na6 14. Ne2 Ne6 15.
Rfd1 Nb4 16. Bb3 Qe7 17. Nc4 Nd4 18. Bxd4 exd4 19. c3 dxc3 20. bxc3 Rxd1+ 21.
Rxd1 Na6 22. Nd6 Be6 23. Bxe6 fxe6 24. Nc4 e5 25. Qd3 Nc5 26. Qc2 Rf8 27. a5
Qf7 28. Nd6 Qxf2+ 29. Kh1 Bh6 30. Qa2+ Kg7 31. Rb1 Qf6 32. Nc4 Nxe4 33. Rxb7+
Kh8 34. Qb1 Nf2+ 35. Kh2 Nxh3 36. Rb8 Nf4 37. Rxf8+ Bxf8 38. Qe4 Nxe2 39. Qxe2
Qh4+ 40. Kg1 Bc5+ 0-1

[Event "Copa Latina 2015"]
[Site "Vicente Lopez ARG"]
[Date "2015.03.21"]
[Round "3.38"]
[White "Souza, Rafael Cabral De"]
[Black "Aguero Arce, Matias"]
[Result "0-1"]
[WhiteElo "2194"]
[BlackElo "2035"]
[PlyCount "104"]
[EventDate "2015.03.19"]
[EventType "swiss"]
[EventRounds "9"]
[EventCountry "ARG"]
[Source "lmi"]
[SourceDate "2015.03.19"]

1. e4 c5 2. Nf3 Nc6 3. Bb5 d6 4. O-O e5 5. Re1 Nge7 6. c3 a6 7. Bf1 Ng6 8. d4
Be7 9. Be3 Bg4 10. d5 Nb8 11. Nbd2 f5 12. exf5 Bxf5 13. g3 e4 14. Nxe4 Bxe4 15.
Qa4+ Nd7 16. Qxe4 O-O 17. Bg2 Kh8 18. h4 Bf6 19. Bg5 Qb6 20. Qc2 Nde5 21. Bxf6
Nxf3+ 22. Bxf3 Rxf6 23. Be4 Ne5 24. Qe2 Raf8 25. f4 Nd7 26. c4 Qb4 27. b3 b5
28. Bd3 R6f7 29. Qe6 Nf6 30. Qxd6 Qd2 31. Rad1 Qxa2 32. Qxc5 Ng4 33. Be2 Qxb3
34. Rd3 Qc2 35. Qd4 Re8 36. Rd2 Qg6 37. c5 Ne3 38. Bg4 Rfe7 39. Rde2 Nf5 40.
Rxe7 Rxe7 41. Qd1 Ne3 42. Qf3 Nxd5 43. Rd1 Nf6 44. Rd8+ Re8 45. h5 Qb1+ 46. Rd1
Qc2 47. Qc6 Rg8 48. Bf3 b4 49. Qb6 b3 50. c6 b2 51. c7 Nd5 52. Qd4 b1=Q 0-1

[Event "Copa Latina 2015"]
[Site "Vicente Lopez ARG"]
[Date "2015.03.21"]
[Round "3.39"]
[White "Figar, Nicolas"]
[Black "Sanchez Sandoval, Gonzalo"]
[Result "0-1"]
[WhiteElo "1776"]
[BlackElo "2193"]
[PlyCount "86"]
[EventDate "2015.03.19"]
[EventType "swiss"]
[EventRounds "9"]
[EventCountry "ARG"]
[Source "lmi"]
[SourceDate "2015.03.19"]

1. e4 c5 2. Nf3 d6 3. Nc3 Nc6 4. Be2 g6 5. O-O Bg7 6. d3 Nf6 7. Qe1 O-O 8. Nd2
Nd4 9. Bd1 b5 10. a4 b4 11. Ne2 Ne8 12. Nc4 e5 13. Nxd4 exd4 14. f4 d5 15. exd5
Bb7 16. f5 Bxd5 17. Bf3 Nc7 18. Bf4 Bxf3 19. Bxc7 Qxc7 20. Rxf3 Rfe8 21. Qh4
Re2 22. f6 Bf8 23. Rf2 Rae8 24. Raf1 h5 25. Rxe2 Rxe2 26. Rf2 Re1+ 27. Rf1
Rxf1+ 28. Kxf1 Bh6 29. b3 Kh7 30. h3 Bf4 31. Qf2 g5 32. Qf3 Kg6 33. Kf2 h4 34.
a5 Kxf6 35. a6 Qe7 36. Qc6+ Kg7 37. Qe4 Qf6 38. Qf3 Qxa6 39. Qd5 Qa2 40. Qxc5
Qxc2+ 41. Kf3 Qxd3+ 42. Kg4 Qe2+ 43. Kf5 Qe6# 0-1

[Event "Copa Latina 2015"]
[Site "Vicente Lopez ARG"]
[Date "2015.03.21"]
[Round "3.40"]
[White "Seia, Diego"]
[Black "Flynn, Mariano"]
[Result "1-0"]
[WhiteElo "2189"]
[BlackElo "2033"]
[PlyCount "105"]
[EventDate "2015.03.19"]
[EventType "swiss"]
[EventRounds "9"]
[EventCountry "ARG"]
[Source "lmi"]
[SourceDate "2015.03.19"]

1. d4 d5 2. c4 c6 3. cxd5 cxd5 4. Nc3 Nf6 5. Bf4 e6 6. e3 Nc6 7. Bd3 Be7 8. h3
O-O 9. Nf3 Bd7 10. O-O Rc8 11. Rc1 Be8 12. a3 Nh5 13. Bh2 f5 14. g4 fxg4 15.
hxg4 Nf6 16. Ng5 Qd7 17. Nxe6 Qxe6 18. Bf5 Qf7 19. Bxc8 Qg6 20. Qf3 Ne4 21. Bf5
Bd7 22. Bxg6 Rxf3 23. Nxe4 hxg6 24. Nc3 Bxg4 25. Nxd5 Bh4 26. Nf4 Bf5 27. Ng2
Bf6 28. Bg3 Bg5 29. Rc5 Be7 30. Ne1 Rxg3+ 31. fxg3 Bxc5 32. dxc5 Ne5 33. Rf4
Nd7 34. b4 Nf6 35. Rd4 Kf7 36. Nf3 Ke6 37. Kf2 Ne4+ 38. Rxe4+ Bxe4 39. Ng5+ Ke5
40. Nxe4 Kxe4 41. Ke2 g5 42. g4 g6 43. a4 a5 44. bxa5 Kd5 45. Kd3 Kxc5 46. e4
Kc6 47. Kd4 Kd6 48. e5+ Ke6 49. Ke4 Ke7 50. Kd5 Kd7 51. e6+ Ke7 52. Ke5 Ke8 53.
Kf6 1-0

[Event "Copa Latina 2015"]
[Site "Vicente Lopez ARG"]
[Date "2015.03.21"]
[Round "3.42"]
[White "Fabrega, Enrique"]
[Black "Radoszta, Armando E"]
[Result "1-0"]
[WhiteElo "2146"]
[BlackElo "1994"]
[PlyCount "83"]
[EventDate "2015.03.19"]
[EventType "swiss"]
[EventRounds "9"]
[EventCountry "ARG"]
[Source "lmi"]
[SourceDate "2015.03.19"]

1. d4 Nf6 2. Nf3 e6 3. c4 d5 4. Nc3 c6 5. g3 Be7 6. Bg2 O-O 7. O-O Nbd7 8. cxd5
exd5 9. a3 Re8 10. b4 Ne4 11. Nxe4 dxe4 12. Nd2 f5 13. f3 Nf6 14. Bb2 Bd6 15.
Qc2 e3 16. Nc4 f4 17. Ne5 fxg3 18. hxg3 Nh5 19. Qb3+ Be6 20. Qxe3 Nxg3 21. Rf2
Qh4 22. f4 Bf5 23. Bf3 Bxe5 24. dxe5 Re6 25. Rh2 Bh3 26. Bg2 Rg6 27. Rxh3 Qxh3
28. Bxh3 Nf5+ 29. Kf2 Nxe3 30. Kxe3 Rg3+ 31. Ke4 Rxh3 32. e3 Kf7 33. Rd1 Re8
34. f5 Rh4+ 35. Kf3 Re7 36. Rd8 Rc7 37. e6+ Ke7 38. Rg8 Kd6 39. Bxg7 Rh3+ 40.
Ke4 Rh4+ 41. Kd3 b6 42. Bf6 1-0

[Event "Copa Latina 2015"]
[Site "Vicente Lopez ARG"]
[Date "2015.03.21"]
[Round "3.43"]
[White "Ferrero, Luis"]
[Black "Quirhuayo, Gonzalo"]
[Result "0-1"]
[WhiteElo "1635"]
[BlackElo "2140"]
[PlyCount "110"]
[EventDate "2015.03.19"]
[EventType "swiss"]
[EventRounds "9"]
[EventCountry "ARG"]
[Source "lmi"]
[SourceDate "2015.03.19"]

1. d4 Nf6 2. Nf3 e6 3. Bf4 c5 4. e3 Nc6 5. Bd3 d5 6. c3 Qb6 7. Qb3 c4 8. Qxb6
axb6 9. Bc2 b5 10. Nbd2 Nh5 11. O-O Nxf4 12. exf4 Bd6 13. g3 b4 14. Ne5 f6 15.
Nxc6 bxc6 16. Rfe1 Kf7 17. Nf3 Bd7 18. cxb4 Bxb4 19. Re2 c5 20. dxc5 Bxc5 21.
Rd2 Bb4 22. Rdd1 Ra7 23. a3 Bc5 24. f5 Rb7 25. fxe6+ Bxe6 26. Rd2 Rhb8 27. Ra2
d4 28. Ra1 d3 29. Bxd3 cxd3 30. b4 Be7 31. Rxd3 Ra8 32. Rc1 Rba7 33. Rcc3 Bh3
34. Ne1 Bd7 35. f3 Bb5 36. Rd5 Bd7 37. Nc2 Be6 38. Rh5 f5 39. g4 Bf6 40. Re3
fxg4 41. fxg4 Rc7 42. g5 Bb2 43. g6+ hxg6 44. Rc5 Rac8 45. Rxc7+ Rxc7 46. Rf3+
Ke7 47. Rf2 Bb3 48. Re2+ Kf7 49. Ne1 Bd4+ 50. Kg2 Bd5+ 51. Kg3 Rc3+ 52. Kf4 Kf6
53. b5 g5+ 54. Kg4 Be6+ 55. Rxe6+ Kxe6 0-1

[Event "Copa Latina 2015"]
[Site "Vicente Lopez ARG"]
[Date "2015.03.21"]
[Round "3.44"]
[White "Fiori, Hector"]
[Black "Zimmermann, Kleber Renato P"]
[Result "0-1"]
[WhiteElo "2136"]
[BlackElo "1946"]
[PlyCount "92"]
[EventDate "2015.03.19"]
[EventType "swiss"]
[EventRounds "9"]
[EventCountry "ARG"]
[Source "lmi"]
[SourceDate "2015.03.19"]

1. e4 c5 2. Nf3 d6 3. d4 cxd4 4. Qxd4 a6 5. c4 Nc6 6. Qd2 g6 7. b3 Bg7 8. Bb2
Bxb2 9. Qxb2 Qa5+ 10. Nc3 Nf6 11. a3 O-O 12. b4 Qh5 13. h3 Qh6 14. Be2 Be6 15.
Qd2 Qxd2+ 16. Kxd2 Rac8 17. Ke3 Rfd8 18. Nd5 Nd7 19. Rac1 Bxd5 20. cxd5 Nce5
21. Nxe5 dxe5 22. Bc4 Rb8 23. Bb3 Rbc8 24. g3 Kf8 25. f4 f6 26. h4 Nb6 27. a4
Rxc1 28. Rxc1 Rc8 29. Rc5 Ke8 30. a5 Rxc5 31. bxc5 Nc8 32. fxe5 fxe5 33. Kd3
Kd8 34. Kc3 Na7 35. Bc4 Kc7 36. Kb4 Kd7 37. g4 h6 38. g5 hxg5 39. hxg5 e6 40.
c6+ bxc6 41. dxe6+ Kd6 42. Bxa6 c5+ 43. Kc4 Nc6 44. Kb5 c4 45. Kxc4 Nxa5+ 46.
Kc3 Nc6 0-1

[Event "Copa Latina 2015"]
[Site "Vicente Lopez ARG"]
[Date "2015.03.21"]
[Round "3.45"]
[White "Coro, Lucas"]
[Black "Inchausti, Pablo Ezequiel"]
[Result "0-1"]
[WhiteElo "1637"]
[BlackElo "2136"]
[PlyCount "70"]
[EventDate "2015.03.19"]
[EventType "swiss"]
[EventRounds "9"]
[EventCountry "ARG"]
[Source "lmi"]
[SourceDate "2015.03.19"]

1. e4 c5 2. Nf3 d6 3. d4 cxd4 4. Nxd4 Nf6 5. Nc3 a6 6. Be3 e5 7. Nb3 Be7 8. f3
Be6 9. Qd2 Nbd7 10. g4 Nb6 11. O-O-O O-O 12. h4 Rc8 13. h5 Ne8 14. g5 g6 15.
hxg6 fxg6 16. Bh3 Bxh3 17. Rxh3 Rf7 18. Bxb6 Qxb6 19. Nd5 Qd8 20. Rg1 Ng7 21.
Qe3 Ne6 22. Nxe7+ Qxe7 23. Kb1 Qc7 24. Qf2 b5 25. Nc1 b4 26. Nd3 Qb7 27. Rhg3
a5 28. Rd1 Nd4 29. Rd2 a4 30. Rh3 b3 31. c3 bxa2+ 32. Kxa2 Qb3+ 33. Ka1 a3 34.
cxd4 axb2+ 35. Rxb2 Qa3+ 0-1

[Event "Copa Latina 2015"]
[Site "Vicente Lopez ARG"]
[Date "2015.03.21"]
[Round "3.46"]
[White "Bernal, Gustavo"]
[Black "Moncayo Silva, Pablo"]
[Result "1-0"]
[WhiteElo "2132"]
[BlackElo "1912"]
[PlyCount "30"]
[EventDate "2015.03.19"]
[EventType "swiss"]
[EventRounds "9"]
[EventCountry "ARG"]
[Source "lmi"]
[SourceDate "2015.03.19"]

1. d4 Nf6 2. Nf3 d5 3. c4 e6 4. Nc3 c6 5. g3 g6 6. Bg2 Bg7 7. O-O O-O 8. Bg5
Nbd7 9. Qd2 Qc7 10. Bf4 Qd8 11. Rad1 Re8 12. Rfe1 Ne4 13. Nxe4 dxe4 14. Ng5 f5
15. d5 Nf8 1-0